Muntiskiyū /منتسكيو : حياته، مؤلفاته، نظرياته، فلسفته السياسية والقانونية والاقتصادية

محفوظ في:

المؤلف الرئيسي: سعفان، حسن شحاتة.

التنسيق: كتاب

اللغة: Undetermined

منشور في: Cairo Maktabat Nahḍat Miṣr, 1900

الوسوم: إضافة وسم

لا توجد وسوم, كن أول من يضع وسما على هذه التسجيلة!

رقم الطلب: A99 SAFA

LEADER 00484nam a2200121Ia 4500
008 240404s9999||||xx |||||||||||||| ||und||
050 4 |a A99 SAFA 
100 1 |a سعفان، حسن شحاتة. 
245 1 0 |a Muntiskiyū /منتسكيو : حياته، مؤلفاته، نظرياته، فلسفته السياسية والقانونية والاقتصادية   |c سعفان، حسن شحاتة 
264 1 |a Cairo  |b Maktabat Nahḍat Miṣr,  |c 1900 
300 |a 191  |c 20 
942 |2 lcc  |c BK 
999 |c 58038  |d 58038